Bitterschokolade (Record no. 59501)
[ view plain ]
| 000 -LÍDER | |
|---|---|
| campo de controle de tamanho fixo | 00347 a2200157 4500 |
| 001 - NÚMERO DE CONTROLE | |
| campo de controle | 59501 |
| 020 ## - ISBN - INTERNATIONAL STANDARD BOOK NUMBER | |
| ISBN - International Standard Book Number | 9783468967023 |
| 040 ## - FONTE DA CATALOGAÇÃO | |
| Instituição que transcreveu o registro | Anchieta - Pituba |
| 100 ## - ENTRADA PRINCIPAL--NOME PESSOAL | |
| Nome pessoal | Pressler, Mirjam |
| 240 10 - TÍTULO UNIFORME | |
| Título uniforme | Bitterschokolade |
| Idioma da obra | por |
| 245 10 - TÍTULO | |
| Título | Bitterschokolade |
| 300 ## - DESCRIÇÃO FÍSICA | |
| Extensão | 110 |
| 362 0# - DATAS DE PUBLICAÇÃO E/OU DESIGNAÇÃO SEQUENCIAL | |
| Datas de publicação e/ou designação sequencial | 1992 |
| 650 #4 - ASSUNTO--TERMO TÓPICO | |
| Cabeçalho tópico ou nome geográfico | Literatura juvenil em alemão |
| 942 ## - ELEMENTOS DE ENTRADA ADICIONADOS (KOHA) | |
| Tipo de material Koha | Livros |
| Situação do descarte | Situação das perdas | Situação física | Não pode ser emprestado | Biblioteca de origem | Biblioteca atual | Data de aquisição | Total de empréstimos | Número de chamada completo | Código de barras | Data de último acesso | Data do último empréstimo | Data do preço efetivo | Tipo de material Koha |
|---|---|---|---|---|---|---|---|---|---|---|---|---|---|
| Colégio Anchieta - Pituba | Colégio Anchieta - Pituba | 21/11/2023 | LJ 028.543 P935b PRE BIT | 10726/PIT | 21/11/2023 | 21/11/2023 | Livros | ||||||
| Colégio Anchieta - Pituba | Colégio Anchieta - Pituba | 21/11/2023 | LJ 028.543 P935b PRE BIT | 10727/PIT | 21/11/2023 | 21/11/2023 | Livros | ||||||
| Colégio Anchieta - Pituba | Colégio Anchieta - Pituba | 21/11/2023 | LJ 028.543 P935b PRE BIT | 10728/PIT | 21/11/2023 | 21/11/2023 | Livros | ||||||
| Colégio Anchieta - Pituba | Colégio Anchieta - Pituba | 21/11/2023 | LJ 028.543 P935b PRE BIT | 10729/PIT | 21/11/2023 | 21/11/2023 | Livros | ||||||
| Colégio Anchieta - Pituba | Colégio Anchieta - Pituba | 21/11/2023 | LJ 028.543 P935b PRE BIT | 10730/PIT | 21/11/2023 | 21/11/2023 | Livros | ||||||
| Colégio Anchieta - Pituba | Inspira | 21/11/2023 | 2 | LJ 028.543 P935b PRE BIT | 10725/PIT | 21/11/2023 | 21/11/2023 | 21/11/2023 | Livros |